Normal view
MARC view
- حسوان، عبدالنافع/م.مشارك مؤيد سعيد،رشاد انطون
Entry Personal Name
001 - CONTROL NUMBER
- control field: 34948
003 - CONTROL NUMBER IDENTIFIER
- control field: JO-AjAnu
005 - DATE AND TIME OF LATEST TRANSACTION
- control field: 20230606075841.0
008 - FIXED-LENGTH DATA ELEMENTS
- fixed length control field: 230606|| aca||aabn | a|a d
040 ## - CATALOGING SOURCE
- Original cataloging agency: JO-AjAnu
- Transcribing agency: JO-AjAnu
100 ## - HEADING--PERSONAL NAME
- Personal name: حسوان، عبدالنافع/م.مشارك مؤيد سعيد،رشاد انطون
670 ## - SOURCE DATA FOUND
- Source citation: Work cat.: (JO-AjAnu)17948: حسوان، عبدالنافع/م.مشارك مؤيد سعيد،رشاد انطون, author, ادارة المشتريات